000 00269nam a2200109Ia 4500
008 190912s9999||||xx |||||||||||||| ||und||
100 _a Manzoor Ahmed
245 0 _aHewani Kirdar :Animal Behavior
260 _aKarachi
_bAlhamad Book
_c2016
300 _a350
942 _cBK
999 _c7366
_d7366